[Event "SLO-chT1z"]
[Site "?"]
[Date "2000.??.??"]
[Round "?"]
[White "Starcic Tadej"]
[Black "Rusjan Miran"]
[Result "1-0"]
[WhiteElo "2215"]
[BlackElo "2246"]
[PlyCount "87"]
[EventDate "2000.??.??"]
[Source "www.chesslib.no"]
[SourceDate "2004.05.04"]

1. d4 Nf6 2. c4 c5 3. d5 e6 4. Nc3 exd5 5. cxd5 d6 6. Nf3 g6 7. Bg5 Bg7 8. e3 O-O 9. Nd2 h6 10. Bh4 b6 11. Be2 Ba6 12. O-O Bxe2 13. Qxe2 a6 14. a4 Nbd7 15. Rad1 Qc7 16. Bg3 Nh5 17. Bh4 Rfb8 18. g4 Nhf6 19. Bg3 Ne8 20. Nde4 Ndf6 21. f4 Qd7 22. Nf2 b5 23. e4 b4 24. Nb1 Nc7 25. b3 Re8 26. Qf3 Nh7 27. Rfe1 g5 28. Nd2 Rad8 29. Nc4 Bd4 30. f5 Qe7 31. e5 dxe5 32. d6 Rxd6 33. Nxd6 Qxd6 34. Kg2 Qd5 35. Ne4 f6 36. Re2 Rd8 37. Rc2 Qa8 38. Nxc5 Qxf3+ 39. Kxf3 a5 40. Bf2 Nf8 41. Ne4 Ne8 42. h3 Rd5 43. Rc8 Kf7 44. Rxe8 1-0

[Event "Bohemians"]
[Site "Prague"]
[Date "1991.??.??"]
[Round "6"]
[White "Praszak, Michal"]
[Black "Schumi, Manfred"]
[Result "1/2-1/2"]
[WhiteElo "2230"]
[BlackElo "2225"]
[PlyCount "126"]
[EventDate "1991.??.??"]
[Source "www.chesslib.no"]
[SourceDate "2004.05.04"]

1. d4 Nf6 2. c4 c5 3. d5 e6 4. Nc3 exd5 5. cxd5 d6 6. Nf3 g6 7. Bg5 h6 8. Bh4 Bg7 9. e3 a6 10. a4 g5 11. Bg3 Nh5 12. Bd3 Nxg3 13. hxg3 Qe7 14. Qc2 Nd7 15. a5 Rb8 16. Bf5 b5 17. axb6 Rxb6 18. Ra4 O-O 19. Nd2 Ne5 20. Bxc8 Rxc8 21. b3 c4 22. Nxc4 Nxc4 23. Nd1 Qb7 24. Rxc4 Rb8 25. O-O Qxd5 26. e4 Qe6 27. Ne3 Rxb3 28. Nf5 Rb2 29. Qd3 R2b3 30. Qc2 Rb2 31. Qa4 d5 32. Nxg7 Kxg7 33. exd5 Qxd5 34. Qxa6 R8b6 35. Qc8 Qe6 36. Qc5 R6b5 37. Qd4+ Qf6 38. Qg4 Qe6 39. Qd4+ Qf6 40. Qd1 R2b4 41. Rc8 Rb8 42. Qd7 Rxc8 43. Qxc8 Ra4 44. Qc1 Ra2 45. Qd1 Qb2 46. Qe1 Qd4 47. Kh2 Qb2 48. Qd1 Qd2 49. Qb1 Qb2 50. Qe1 Qe2 51. Qc3+ Kg6 52. Qc6+ Kg7 53. Qc3+ Kg6 54. Rb1 Qxf2 55. Qc6+ Qf6 56. Qe4+ Kg7 57. Rb8 Ra6 58. Qe8 Kg6 59. Qg8+ Qg7 60. Qc8 Qf6 61. Rb3 Kg7 62. Rb8 Kg6 63. Rb3 Kg7 1/2-1/2

[Event "Kochan Mem Open, Koszalin POL"]
[Site "?"]
[Date "2001.??.??"]
[Round "8"]
[White "Czerwonski, A."]
[Black "Rudnicki, M."]
[Result "1-0"]
[WhiteElo "2365"]
[BlackElo "2045"]
[PlyCount "69"]
[EventDate "2001.??.??"]
[Source "www.chesslib.no"]
[SourceDate "2004.05.04"]

1. d4 Nf6 2. c4 c5 3. d5 e6 4. Nc3 exd5 5. cxd5 d6 6. Nf3 g6 7. Bg5 Bg7 8. Nd2 O-O 9. e3 Nbd7 10. Be2 a6 11. a4 Re8 12. O-O h6 13. Bf4 Ne5 14. Bxe5 Rxe5 15. Nc4 Re8 16. a5 Ne4 17. Qc2 Bf5 18. Bd3 Bxc3 19. bxc3 Qf6 20. Rac1 Rad8 21. f3 Ng5 22. e4 Bc8 23. f4 Nh7 24. e5 dxe5 25. fxe5 Qg5 26. Qf2 Rf8 27. Qxc5 Bd7 28. Rce1 Rc8 29. Qd4 Bb5 30. Nd6 Bxd3 31. Qxd3 Rc7 32. c4 Qe7 33. Qd4 Ng5 34. Qf4 Kg7 35. Re3 1-0

[Event "Doeberl Cup"]
[Site "Canberra AUS"]
[Date "2008.03.21"]
[Round "3"]
[White "Feldman, V."]
[Black "Nakauchi, G."]
[Result "1-0"]
[WhiteElo "2301"]
[BlackElo "2092"]
[PlyCount "59"]
[EventDate "2008.03.20"]
[Source "www.chesslib.no"]
[SourceDate "2004.05.04"]

1. d4 Nf6 2. c4 c5 3. d5 e6 4. Nc3 exd5 5. cxd5 d6 6. Nf3 g6 7. Bg5 Bg7 8. e3 O-O 9. Nd2 a6 10. a4 h6 11. Bh4 Re8 12. Be2 Nbd7 13. O-O Nf8 14. Nc4 N8h7 15. Bg3 Bf8 16. a5 Bf5 17. f3 Nh5 18. Bf2 Ng7 19. e4 Bc8 20. f4 g5 21. f5 Nf6 22. Bd3 Qc7 23. Ra3 Bd7 24. Nb6 Rad8 25. h4 Ngh5 26. hxg5 hxg5 27. g3 Bh6 28. Kg2 Kh7 29. Rh1 g4 30. Nc4 1-0

[Event "10th TCh-Euro sen"]
[Site "Dresden GER"]
[Date "2008.02.16"]
[Round "6"]
[White "Walter, Gu1 GER"]
[Black "Pekun, C."]
[Result "1/2-1/2"]
[WhiteElo "2281"]
[BlackElo "2111"]
[PlyCount "36"]
[EventDate "2008.02.11"]
[Source "www.chesslib.no"]
[SourceDate "2004.05.04"]

1. d4 Nf6 2. c4 c5 3. d5 e6 4. Nc3 exd5 5. cxd5 d6 6. Nf3 g6 7. Bg5 Bg7 8. e3 O-O 9. Be2 Bg4 10. O-O Bxf3 11. Bxf3 Nbd7 12. Re1 Re8 13. a4 Qa5 14. Ra3 a6 15. e4 c4 16. Bd2 Qc7 17. b4 cxb3 18. Rxb3 Nc5 1/2-1/2

[Event "France (championnat N2)"]
[Site "?"]
[Date "2004.03.13"]
[Round "8"]
[White "Alet Jean Pierre"]
[Black "Castaignet Laurent"]
[Result "1/2-1/2"]
[WhiteElo "2202"]
[BlackElo "2176"]
[PlyCount "135"]
[EventDate "2004.??.??"]
[Source "www.chesslib.no"]
[SourceDate "2004.05.04"]

1. d4 Nf6 2. c4 c5 3. d5 e6 4. Nc3 exd5 5. cxd5 d6 6. Nf3 g6 7. Bg5 a6 8. a4 Bg7 9. Nd2 h6 10. Bh4 g5 11. Bg3 Nh5 12. Qc2 Nxg3 13. hxg3 Nd7 14. Nc4 Ne5 15. Nxe5 Bxe5 16. e3 Rb8 17. Bd3 Qc7 18. f4 Bg7 19. Bf5 Qe7 20. Kf2 Bxf5 21. Qxf5 Qf6 22. Qxf6 Bxf6 23. Ne4 Ke7 24. Kf3 Bg7 25. Kg4 gxf4 26. gxf4 Bxb2 27. Rab1 Ba3 28. Rb6 c4 29. Rhb1 Rhg8+ 30. Kf3 Rgc8 31. Rxb7+ Rxb7 32. Rxb7+ Kf8 33. Nc3 a5 34. Rb6 Bb4 35. Rc6 Rxc6 36. dxc6 Ke8 37. Nb5 c3 38. Nd4 Kd8 39. Ke4 Kc7 40. Kd5 Kb6 41. g4 Bc5 42. Nc2 Kc7 43. e4 Bf2 44. Na3 Kb6 45. c7 Kxc7 46. Nb5+ Kd7 47. Nxc3 Be3 48. Ne2 Bd2 49. f5 Be3 50. Nd4 Bd2 51. Nb5 Bb4 52. e5 dxe5 53. Kxe5 Be7 54. Kd5 Bh4 55. Nc3 Be1 56. Ne4 Ke7 57. Kc6 Bb4 58. Kb5 Be1 59. Kc6 Bb4 60. Kd5 Kd7 61. Nf6+ Ke7 62. Ne4 Kd7 63. Nf2 Ke7 64. Nd3 Bd2 65. Nc5 Bb4 66. Ne4 Kd7 67. Nf6+ Ke7 68. Ne4 1/2-1/2

[Event "Collado-Villalba"]
[Site "?"]
[Date "1996.??.??"]
[Round "?"]
[White "Jimenez la Blanca, F."]
[Black "Gallego, V."]
[Result "0-1"]
[WhiteElo "1975"]
[BlackElo "2395"]
[PlyCount "56"]
[EventDate "1996.??.??"]
[Source "www.chesslib.no"]
[SourceDate "2004.05.04"]

1. d4 Nf6 2. c4 c5 3. d5 e6 4. Nc3 exd5 5. cxd5 d6 6. Nf3 g6 7. Bg5 Bg7 8. Nd2 h6 9. Bh4 g5 10. Bg3 Nh5 11. Nc4 Nxg3 12. hxg3 O-O 13. e4 Qe7 14. Bd3 Nd7 15. Nb5 Ne5 16. Nbxd6 Nxc4 17. Nxc4 b5 18. Nd2 c4 19. Bc2 Bxb2 20. Rb1 Bg7 21. Rxb5 c3 22. Nf3 Ba6 23. Ra5 Qd6 24. Nd4 f5 25. Ne6 fxe4 26. Nxf8 Rxf8 27. Ra4 Qc5 28. f4 Qe3+ 0-1

[Event "Camp. italiano U20"]
[Site "Fiuggi ITA"]
[Date "2007.07.24"]
[Round "7"]
[White "Fossati, Remigio"]
[Black "Valsecchi, Alessio"]
[Result "1/2-1/2"]
[WhiteElo "2193"]
[BlackElo "2175"]
[PlyCount "92"]
[EventDate "2007.07.18"]
[Source "www.chesslib.no"]
[SourceDate "2004.05.04"]

1. d4 Nf6 2. c4 c5 3. d5 e6 4. Nc3 exd5 5. cxd5 d6 6. Nf3 g6 7. Bg5 Bg7 8. e3 O-O 9. Be2 Re8 10. Nd2 a6 11. a4 Nbd7 12. O-O Qc7 13. Rc1 b6 14. e4 h6 15. Be3 Ne5 16. f3 g5 17. b4 Qe7 18. Qb3 Nh5 19. a5 cxb4 20. Qxb4 bxa5 21. Qxa5 Nf4 22. Nb3 f5 23. Nd4 Nxe2+ 24. Ncxe2 fxe4 25. f4 Ng4 26. Rc7 Qf6 27. fxg5 Qg6 28. Rff7 Be5 29. Bf4 e3 30. Bxe5 Nxe5 31. Rg7+ Qxg7 32. Rxg7+ Kxg7 33. Qc7+ Bd7 34. gxh6+ Kxh6 35. Qxd6+ Kh7 36. h3 a5 37. Ng3 Rad8 38. Qf6 Ng6 39. Qf7+ Kh6 40. Qf3 Re5 41. Nc6 Bxc6 42. dxc6 Rf8 43. Qd1 a4 44. Qxa4 e2 45. Nxe2 Rxe2 46. c7 Rff2 1/2-1/2

[Event "otb"]
[Site "otb"]
[Date "2007.04.01"]
[Round "9"]
[White "Chernov Yury"]
[Black "Sinajskij Anatolij"]
[Result "1-0"]
[WhiteElo "2254"]
[BlackElo "2114"]
[PlyCount "73"]
[Source "www.chesslib.no"]
[SourceDate "2004.05.04"]

1. d4 Nf6 2. c4 c5 3. d5 e6 4. Nc3 exd5 5. cxd5 d6 6. Nf3 g6 7. Bg5 h6 8. Bh4 g5 9. Bg3 Nh5 10. e3 Nxg3 11. hxg3 Bg7 12. Bd3 Nd7 13. Bf5 b5 14. Nxb5 Qa5+ 15. Nc3 Rb8 16. O-O Rxb2 17. Ne4 Qc7 18. Qa4 Rb6 19. Rac1 O-O 20. Nfd2 Ra6 21. Qb3 Ne5 22. Bxc8 Rxc8 23. f4 Rb6 24. Qc2 Ng4 25. Nc4 f5 26. Nf2 Qd7 27. Nxg4 fxg4 28. fxg5 hxg5 29. Qg6 Re8 30. Nxb6 axb6 31. Rf6 Rf8 32. Rxf8+ Kxf8 33. Rf1+ Kg8 34. Rf6 b5 35. Rxd6 Qc8 36. Re6 Kf8 37. d6 1-0

[Event "Corr"]
[Site "?"]
[Date "2002.04.20"]
[Round "?"]
[White "Beninsky Svejen"]
[Black "Marcotulli Giancarlo"]
[Result "1-0"]
[WhiteElo "1944"]
[BlackElo "2412"]
[PlyCount "67"]
[EventDate "2002.??.??"]
[Source "www.chesslib.no"]
[SourceDate "2004.05.04"]

1. d4 Nf6 2. c4 c5 3. d5 e6 4. Nc3 exd5 5. cxd5 d6 6. Nf3 g6 7. Bg5 h6 8. Bf4 a6 9. e4 b5 10. Bd3 g5 11. Be3 Nbd7 12. O-O Bg7 13. Ne2 Ng4 14. Bc1 Nde5 15. Nxe5 Bxe5 16. h3 Nf6 17. a4 c4 18. Bb1 g4 19. f4 gxf3 20. Rxf3 Bd7 21. axb5 axb5 22. Rxa8 Qxa8 23. b3 cxb3 24. Rxb3 Qa4 25. Bc2 Rg8 26. Bxh6 Nxe4 27. Rg3 Nxg3 28. Bxa4 bxa4 29. Bf4 Bxf4 30. Nxf4 Ne4 31. Qd4 f5 32. h4 Ke7 33. h5 Kf7 34. Ng6 1-0

[Event "First Saturday MI - Maggio 2008"]
[Site "Budapest UNG"]
[Date "2008.05.04"]
[Round "2"]
[White "Zalkind, Konstantin"]
[Black "Gao, Rui"]
[Result "0-1"]
[WhiteElo "2164"]
[BlackElo "2139"]
[PlyCount "56"]
[EventDate "2008.05.03"]
[Source "www.chesslib.no"]
[SourceDate "2004.05.04"]

1. d4 Nf6 2. c4 c5 3. d5 e6 4. Nc3 exd5 5. cxd5 d6 6. Nf3 g6 7. Bg5 h6 8. Bh4 g5 9. Bg3 Nh5 10. e3 Nxg3 11. hxg3 Bg7 12. Bd3 Nd7 13. Qc2 a6 14. a4 Qe7 15. O-O O-O 16. Nd2 Ne5 17. Bf5 Rb8 18. a5 b5 19. axb6 Rxb6 20. Ra2 c4 21. Rfa1 Qb7 22. f4 Nd3 23. Bxd3 cxd3 24. Qxd3 Rxb2 25. Ra3 gxf4 26. Nc4 Rb3 27. Na5 Rxa3 28. Nxb7 Rxa1+ 0-1

[Event "Polonia-B"]
[Site "Warsaw POL"]
[Date "1978.??.??"]
[Round "6"]
[White "Sek, Zbigniew"]
[Black "Derlukiewicz, Jan"]
[Result "0-1"]
[WhiteElo "2210"]
[BlackElo "2090"]
[PlyCount "104"]
[EventDate "1978.05.30"]
[Source "www.chesslib.no"]
[SourceDate "2004.05.04"]

1. d4 Nf6 2. c4 c5 3. d5 e6 4. Nc3 exd5 5. cxd5 d6 6. Nf3 g6 7. Bg5 Bg7 8. e3 O-O 9. Be2 Na6 10. O-O Nc7 11. a4 h6 12. Bh4 a6 13. Nd2 Rb8 14. a5 Bd7 15. h3 Bb5 16. Nc4 Re8 17. Qc2 Qe7 18. Rad1 Rbd8 19. b3 Bd7 20. Bf3 Nb5 21. Nxb5 axb5 22. Nb6 g5 23. Bg3 h5 24. h4 g4 25. Nxd7 Qxd7 26. Be2 Ne4 27. Bf4 Nc3 28. Rd2 b4 29. Bd3 Ra8 30. Bf5 Qe7 31. f3 Rxa5 32. fxg4 Ra2 33. Qd3 Rxd2 34. Qxd2 hxg4 35. Qd3 Qxh4 36. Bxd6 Rxe3 37. g3 Qh3 38. Qxe3 Bd4 39. Re1 Nxd5 40. Qxd4 cxd4 41. Re8+ Kg7 42. Be5+ f6 43. Bd6 Qh5 44. Bd7 Qg5 45. Be6 Qc1+ 46. Kh2 Qd2+ 47. Kh1 Qe1+ 48. Kh2 Qf2+ 49. Kh1 Qf3+ 50. Kh2 Kh7 51. Bg8+ Kg6 52. Ra8 d3 0-1

[Event "Rochefort"]
[Site "?"]
[Date "2004.02.26"]
[Round "7.7"]
[White "Alet Jean Pierre"]
[Black "Boursier Xavier"]
[Result "1/2-1/2"]
[WhiteElo "2202"]
[BlackElo "2058"]
[PlyCount "118"]
[EventDate "2004.??.??"]
[Source "www.chesslib.no"]
[SourceDate "2004.05.04"]

1. d4 Nf6 2. c4 c5 3. d5 e6 4. Nc3 exd5 5. cxd5 d6 6. Nf3 g6 7. Bg5 Bg7 8. e3 O-O 9. Nd2 a6 10. a4 Qc7 11. Be2 Nbd7 12. O-O Rb8 13. Qc2 Nb6 14. e4 Bd7 15. Rad1 Nc8 16. Nc4 Ng4 17. Bxg4 Bxg4 18. f3 Bd7 19. e5 b5 20. exd6 Nxd6 21. Nxd6 Qxd6 22. Ne4 Qe5 23. axb5 Rxb5 24. Bc1 Bf5 25. Rfe1 Qb8 26. Re2 Rd8 27. Qa4 Qa8 28. Rde1 Rb4 29. Qa5 Rb5 30. Qc7 Qxd5 31. Nc3 Bd4+ 32. Kh1 Qd7 33. Nxb5 axb5 34. Bh6 Be6 35. Qxd7 Rxd7 36. b3 Ra7 37. h4 Ra3 38. Be3 Bxe3 39. Rxe3 Bxb3 40. h5 Kg7 41. Re5 Be6 42. Rxc5 b4 43. Rb5 b3 44. hxg6 hxg6 45. Kh2 Ra2 46. Re4 Bf5 47. Reb4 Be6 48. Kg3 Kf6 49. f4 Rc2 50. Re5 Kg7 51. Rb7 Kf6 52. Rb6 Kg7 53. Rexe6 fxe6 54. Rxb3 Rc5 55. Kg4 Kf6 56. Kh4 Rh5+ 57. Kg4 Rc5 58. g3 Ra5 59. Kf3 Rc5 1/2-1/2

[Event "CZE-chT2b 0001"]
[Site "?"]
[Date "2001.??.??"]
[Round "?"]
[White "Purnoch Josef"]
[Black "Petera Petr"]
[Result "1-0"]
[WhiteElo "2160"]
[BlackElo "2080"]
[PlyCount "121"]
[EventDate "2001.??.??"]
[Source "www.chesslib.no"]
[SourceDate "2004.05.04"]

1. d4 Nf6 2. c4 c5 3. d5 e6 4. Nc3 exd5 5. cxd5 d6 6. Nf3 g6 7. Bg5 Bg7 8. e3 O-O 9. Be2 a6 10. a4 Re8 11. Nd2 Nbd7 12. O-O Rb8 13. a5 Qc7 14. e4 Ne5 15. h3 h6 16. Be3 g5 17. f4 gxf4 18. Bxf4 Qe7 19. Qc2 Nh7 20. Nf3 Ng6 21. Bd2 Nf6 22. Bd3 Nd7 23. Qc1 Nge5 24. Nxe5 Qxe5 25. Kh1 Qh5 26. Be2 Qh4 27. Be1 Qe7 28. Bd2 Kh7 29. Bf3 b5 30. axb6 Rxb6 31. Na4 Rb3 32. Ra3 Bxb2 33. Nxb2 Rxa3 34. Bxh6 Ne5 35. Bg5 f6 36. Bf4 Rg8 37. Qe1 Rg6 38. Bh5 Rg7 39. Qh4 Ng6 40. Bxg6+ Kxg6 41. Nc4 Rh7 42. Bxd6 Qg7 43. Qf4 Kf7 44. Nxa3 Bxh3 45. Qg3 Qh8 46. Kg1 Bxg2 47. Qxg2 Rg7 48. Bg3 Qh6 49. Nc4 Qg5 50. Nd6+ Kg6 51. Nf5 Rb7 52. Bh4 Qxg2+ 53. Kxg2 Rb3 54. Rf3 Rb4 55. Rg3+ Kf7 56. Rg7+ Kf8 57. Ra7 Rxe4 58. Ra8+ Kf7 59. Nd6+ Kg6 60. Nxe4 f5 61. Nf2 1-0

[Event "Open A"]
[Site "Ceriano Laghetto"]
[Date "2007.03.31"]
[Round "2"]
[White "Barlocco, Carlo"]
[Black "Tomassoni, Leonardo"]
[Result "1-0"]
[WhiteElo "2183"]
[BlackElo "2024"]
[PlyCount "93"]
[EventDate "2007.03.30"]
[Source "www.chesslib.no"]
[SourceDate "2004.05.04"]

1. d4 Nf6 2. c4 c5 3. d5 e6 4. Nc3 exd5 5. cxd5 d6 6. Nf3 g6 7. Bg5 Bg7 8. e3 a6 9. Be2 O-O 10. a4 Qb6 11. Ra3 Bf5 12. Rb3 Qa5 13. O-O Nbd7 14. Nd2 Nb6 15. e4 Bd7 16. Ra3 Rae8 17. Bf4 Nc8 18. Nc4 Qc7 19. Bf3 b5 20. axb5 axb5 21. Nxd6 b4 22. Nxe8 Qxf4 23. Ne2 Qe5 24. Nxf6+ Bxf6 25. Ra2 Nd6 26. Re1 Bb5 27. Qc1 Bc4 28. Ra5 Rc8 29. b3 Bd8 30. bxc4 Bxa5 31. Nf4 Bc7 32. g3 Ra8 33. Qe3 Bb6 34. Nd3 Qc3 35. Rc1 Ra1 36. Rxa1 Qxa1+ 37. Kg2 Nxc4 38. Qf4 Qa7 39. e5 Nxe5 40. Nxe5 Qe7 41. d6 Qe6 42. Be2 Qd5+ 43. Kh3 Qe6+ 44. g4 Bd8 45. Bc4 Qf6 46. Qxf6 Bxf6 47. Nxf7 1-0

[Event "Nyirsegi Torna op"]
[Site "?"]
[Date "1999.07.12"]
[Round "3"]
[White "Korpas Laszlo"]
[Black "Visloczki Jozsef"]
[Result "0-1"]
[WhiteElo "2165"]
[BlackElo "2030"]
[PlyCount "80"]
[EventDate "1999.??.??"]
[Source "www.chesslib.no"]
[SourceDate "2004.05.04"]

1. d4 Nf6 2. c4 c5 3. d5 e6 4. Nc3 exd5 5. cxd5 d6 6. Nf3 g6 7. Bg5 Qe7 8. Nd2 Bg7 9. e3 O-O 10. Be2 b6 11. O-O Ba6 12. a4 Bxe2 13. Qxe2 Nbd7 14. Nc4 a6 15. Bf4 Ne8 16. Qd2 g5 17. Bg3 f5 18. f3 Rb8 19. Kh1 Qf6 20. Rae1 b5 21. Na5 c4 22. Nc6 Rb7 23. axb5 axb5 24. Nd1 Nc5 25. Nd4 Nc7 26. Nc6 Nd3 27. Re2 Nxd5 28. b3 Rb6 29. bxc4 bxc4 30. Na5 N5b4 31. Nxc4 Rc6 32. Bxd6 Rxc4 33. Bxf8 Bxf8 34. Nf2 Rc2 35. Nxd3 Rxd2 36. Rxd2 Nd5 37. Re2 Qa6 38. Nc1 Nxe3 39. Rg1 Bc5 40. g3 Qc6 0-1

[Event "Budapest FS09 Elo"]
[Site "Budapest"]
[Date "2000.??.??"]
[Round "3"]
[White "Hohl, Matthias"]
[Black "Banhazi, Istvan"]
[Result "1-0"]
[WhiteElo "2042"]
[BlackElo "2114"]
[PlyCount "60"]
[EventDate "2000.09.??"]
[Source "ChessBase"]
[SourceDate "2000.11.10"]

1. d4 Nf6 2. c4 c5 3. d5 e6 4. Nc3 exd5 5. cxd5 d6 6. Nf3 g6 7. Bg5 h6 8. Bh4 Bg7 9. e3 O-O 10. h3 a6 11. a4 Qa5 12. Qd2 Re8 13. Bg3 b5 14. Bd3 c4 15. Bb1 b4 16. Na2 Nxd5 17. O-O c3 18. bxc3 bxc3 19. Qd1 Qc5 20. Bc2 Bf5 21. Nd4 Bxc2 22. Qxc2 Nc6 23. Nxc6 Qxc6 24. Rfd1 Rad8 25. Rac1 Kh7 26. Qb3 Nb6 27. Nxc3 Bxc3 28. Rxc3 Qxa4 29. Qxf7+ Kh8 30. Qf6+ Kh7 1-0

[Event "LM MVP"]
[Site "?"]
[Date "1993.??.??"]
[Round "?"]
[White "Roehl, Rainer"]
[Black "Onasch, Gunnar"]
[Result "1/2-1/2"]
[WhiteElo "2105"]
[BlackElo "2045"]
[PlyCount "44"]
[EventDate "1993.??.??"]
[Source "www.chesslib.no"]
[SourceDate "2004.05.04"]

1. d4 Nf6 2. c4 c5 3. d5 e6 4. Nc3 exd5 5. cxd5 d6 6. Nf3 g6 7. Bg5 h6 8. Bf4 Nh5 9. g3 Nxf4 10. gxf4 Bg7 11. e3 O-O 12. Nd2 Nd7 13. h4 h5 14. Bd3 Nb6 15. Qc2 Bxc3 16. bxc3 Nxd5 17. Bxg6 Bg4 18. Be4 Nf6 19. Bf5 Kh8 20. Bxg4 hxg4 21. Qf5 Rg8 22. Rd1 Qe7 1/2-1/2

[Event "Berlin GER"]
[Site "?"]
[Date "1999.10.11"]
[Round "2"]
[White "Kettenburg Stefan"]
[Black "Schulz Michael"]
[Result "0-1"]
[WhiteElo "1896"]
[BlackElo "2235"]
[PlyCount "104"]
[EventDate "1999.??.??"]
[Source "www.chesslib.no"]
[SourceDate "2004.05.04"]

1. d4 Nf6 2. c4 c5 3. d5 e6 4. Nc3 exd5 5. cxd5 d6 6. Nf3 g6 7. Bg5 Bg7 8. Nd2 h6 9. Bh4 O-O 10. e3 Nbd7 11. Be2 a6 12. a4 Re8 13. O-O Ne5 14. Nc4 Nxc4 15. Bxc4 Qb6 16. Qb3 Qxb3 17. Bxb3 Ne4 18. Rfc1 b6 19. Bg3 Nxg3 20. hxg3 Bd7 21. Bc4 f5 22. Bd3 Kf7 23. Rc2 Reb8 24. Re2 Rc8 25. Bc4 b5 26. axb5 Bxc3 27. bxc3 axb5 28. Rxa8 Rxa8 29. Ra2 Rxa2 30. Bxa2 c4 31. f3 Kf6 32. Bb1 Ke5 33. e4 fxe4 34. fxe4 b4 35. cxb4 Ba4 36. Kf2 c3 37. b5 Bxb5 38. Bc2 Kd4 39. e5 Kxe5 40. Bxg6 Kxd5 41. Ke3 Ke5 42. Bd3 Bxd3 43. Kxd3 h5 44. Kxc3 Ke4 45. Kd2 Kd4 46. Ke2 Kc3 47. Kd1 Kd3 48. Ke1 d5 49. Kd1 d4 50. g4 hxg4 51. g3 Ke3 52. Ke1 Kf3 0-1

[Event "Padova"]
[Site "?"]
[Date "1999.12.13"]
[Round "2"]
[White "Genocchio Daniele"]
[Black "Artizzu Giulio"]
[Result "1/2-1/2"]
[WhiteElo "2297"]
[BlackElo "1825"]
[PlyCount "47"]
[EventDate "1999.??.??"]
[Source "www.chesslib.no"]
[SourceDate "2004.05.04"]

1. d4 Nf6 2. c4 c5 3. d5 e6 4. Nc3 exd5 5. cxd5 d6 6. Nf3 g6 7. Bg5 Bg7 8. Nd2 h6 9. Bh4 Nbd7 10. Nc4 O-O 11. e4 Nb6 12. Ne3 Re8 13. Bd3 Nbd7 14. O-O Ne5 15. f4 Nxd3 16. Qxd3 b5 17. Nxb5 Qb6 18. Nxd6 Qxd6 19. e5 Qa6 20. Qc2 Nd7 21. Kh1 g5 22. fxg5 Nxe5 23. Nf5 Bxf5 24. Qxf5 1/2-1/2

[Event "Bayernliga 2004/05"]
[Site "?"]
[Date "2004.10.24"]
[Round "1.7"]
[White "Volshanik Leonid"]
[Black "Schmidt Anton"]
[Result "1-0"]
[WhiteElo "2029"]
[BlackElo "2038"]
[PlyCount "111"]
[EventDate "2004.??.??"]
[Source "www.chesslib.no"]
[SourceDate "2004.05.04"]

1. d4 Nf6 2. c4 c5 3. d5 e6 4. Nc3 exd5 5. cxd5 d6 6. Nf3 g6 7. Bg5 Bg7 8. Nd2 h6 9. Bh4 a6 10. a4 g5 11. Bg3 Nh5 12. e3 Nxg3 13. hxg3 Bf5 14. Nc4 Qc7 15. Bd3 Bxd3 16. Qxd3 Nd7 17. a5 Ne5 18. Nxe5 Bxe5 19. O-O Qe7 20. Qf5 Qf6 21. Qxf6 Bxf6 22. Ne4 Ke7 23. Ra3 Rac8 24. Rb3 Rc7 25. Rb6 Rd8 26. Rc1 Bg7 27. g4 Be5 28. Nd2 Rdd7 29. Nc4 Bg7 30. g3 Rc8 31. Rd1 Rcc7 32. Rd3 Bf8 33. f4 Bg7 34. Kf2 Bf6 35. Kf3 Bg7 36. Ke4 Bf8 37. Kf5 f6 38. e4 Kf7 39. e5 fxe5 40. fxe5 Kg7 41. e6 Rd8 42. Rdb3 Be7 43. Rxb7 Rf8+ 44. Ke4 Rxb7 45. Rxb7 Kf6 46. Rb6 h5 47. gxh5 g4 48. Nxd6 Kg5 49. Nf7+ Kxh5 50. d6 Bf6 51. e7 Re8 52. Rb7 Kg6 53. Ne5+ Kg5 54. Kd5 Kf5 55. Nc6 Rh8 56. Rb8 1-0

[Event "El Puerto St Maria op 17th"]
[Site "?"]
[Date "2002.07.30"]
[Round "2.7"]
[White "Sainz Pena David"]
[Black "Onate Mendez Elias"]
[Result "0-1"]
[WhiteElo "1920"]
[BlackElo "2143"]
[PlyCount "94"]
[EventDate "2002.??.??"]
[Source "www.chesslib.no"]
[SourceDate "2004.05.04"]

1. d4 Nf6 2. c4 c5 3. d5 e6 4. Nc3 exd5 5. cxd5 d6 6. Nf3 g6 7. Bg5 Bg7 8. Nd2 h6 9. Bh4 g5 10. Bg3 Nh5 11. Qa4+ Kf8 12. e3 Nxg3 13. hxg3 Nd7 14. Qc2 Ne5 15. Be2 Bd7 16. O-O-O b5 17. Rdf1 b4 18. Nd1 g4 19. f4 gxf3 20. gxf3 a5 21. Nc4 Nxc4 22. Bxc4 a4 23. Qe2 Qf6 24. e4 a3 25. f4 axb2+ 26. Kb1 Re8 27. Rh5 Qd4 28. Nf2 Bg4 29. Nxg4 Rxe4 30. Qf3 Qxc4 31. Ne5 dxe5 32. fxe5 Qxd5 33. Rd1 Qc4 34. Qf5 Rxe5 35. Rd8+ Ke7 36. Qd7+ Kf6 37. Qc6+ Re6 38. Qf3+ Ke7 39. Qb7+ Kxd8 40. Rd5+ Qxd5 41. Qxd5+ Ke8 42. Qa8+ Ke7 43. Qb7+ Kf6 44. Qf3+ Kg6 45. Qd3+ f5 46. Qd2 Rhe8 47. Kc2 Re2 0-1

[Event "Budapest FS09 Elo"]
[Site "Budapest"]
[Date "2000.??.??"]
[Round "9"]
[White "Hohl, Matthias"]
[Black "Kovacs, Robert"]
[Result "1-0"]
[WhiteElo "2042"]
[BlackElo "2013"]
[PlyCount "80"]
[EventDate "2000.09.??"]
[Source "ChessBase"]
[SourceDate "2000.11.10"]

1. d4 Nf6 2. c4 c5 3. d5 e6 4. Nc3 exd5 5. cxd5 d6 6. Nf3 g6 7. Bg5 Bg7 8. e3 O-O 9. Nd2 h6 10. Bh4 g5 11. Bg3 Bf5 12. Nc4 Ne8 13. Nb5 Qd7 14. Nbxd6 Bxb2 15. Nxb2 Nxd6 16. Bd3 Bxd3 17. Qxd3 Na6 18. a3 Rac8 19. Bxd6 Qxd6 20. Nc4 Qf6 21. Rb1 Rb8 22. O-O b5 23. Na5 c4 24. Qc2 Nc5 25. Nc6 Rb7 26. f4 Re8 27. Ne5 a5 28. Ng4 Qg7 29. fxg5 Rd8 30. Nf6+ Kh8 31. gxh6 Qxh6 32. Rf3 Kg7 33. Qf5 Rb6 34. Rg3+ Kf8 35. Rg8+ Ke7 36. Qe5+ Ne6 37. dxe6 Rbd6 38. Rxd8 Rxd8 39. Nd5+ Rxd5 40. Qxd5 Qxe6 1-0

[Event "otb"]
[Site "otb"]
[Date "2007.03.24"]
[Round "1"]
[White "Chernov Yury"]
[Black "Nugaev Nail"]
[Result "1-0"]
[WhiteElo "2160"]
[BlackElo "1868"]
[PlyCount "131"]
[Source "www.chesslib.no"]
[SourceDate "2004.05.04"]

1. d4 Nf6 2. c4 c5 3. d5 e6 4. Nc3 exd5 5. cxd5 d6 6. Nf3 g6 7. Bg5 Bg7 8. Nd2 O-O 9. Nc4 Re8 10. e3 a6 11. a4 Qc7 12. Qb3 Nbd7 13. Be2 b6 14. O-O Rb8 15. Bf4 Bf8 16. Bf3 Ne5 17. Bxe5 dxe5 18. e4 Bd7 19. Na3 Bd6 20. Be2 Qb7 21. Qc4 Ra8 22. Qd3 Red8 23. Rfe1 Kg7 24. Bf1 Qc7 25. b3 Nh5 26. g3 f5 27. Nc4 f4 28. Be2 fxg3 29. hxg3 Nf6 30. Kg2 Rf8 31. Rh1 Rf7 32. Nd1 Raf8 33. Nc3 Bc8 34. Rae1 Ng4 35. f3 Nf6 36. Nd1 Qd8 37. Nxd6 Qxd6 38. Ne3 Nh5 39. Nc4 Qf6 40. Qc3 Re8 41. Reg1 b5 42. axb5 axb5 43. Ne3 Qg5 44. Kf2 Nf6 45. Kg2 Nh5 46. Rxh5 Qxh5 47. Rh1 Qg5 48. Bxb5 Ree7 49. d6 Ra7 50. Ba4 Qf6 51. Nc4 Kg8 52. Rf1 Ba6 53. d7 Ra8 54. Rf2 Re7 55. Rd2 Bxc4 56. Qxc4+ Rf7 57. Rd3 Qe7 58. Qd5 Rd8 59. g4 h5 60. Bb5 hxg4 61. Bc4 gxf3+ 62. Rxf3 Qg5+ 63. Kf2 Qh4+ 64. Ke2 Qh2+ 65. Kd3 Kh8 66. Qxf7 1-0

[Event "SVK-ch"]
[Site "Prievidza"]
[Date "1998.07.03"]
[Round "7.38"]
[White "Rachela, Milan"]
[Black "Krak, Tomas"]
[Result "1-0"]
[WhiteElo "2075"]
[BlackElo "1926"]
[PlyCount "67"]
[EventDate "1998.06.27"]
[Source "www.chesslib.no"]
[SourceDate "2004.05.04"]

1. d4 Nf6 2. c4 c5 3. d5 e6 4. Nc3 exd5 5. cxd5 d6 6. Nf3 g6 7. Bg5 h6 8. Qa4+ Bd7 9. Bxf6 Qxf6 10. Qb3 Bc8 11. Ne4 Qe7 12. Qc3 Qxe4 13. Qxh8 Na6 14. Nd2 Qxd5 15. e4 Qg5 16. h4 Qe7 17. Bb5+ Bd7 18. Bxd7+ Qxd7 19. Qc3 Nc7 20. O-O Ne6 21. Rfe1 Bg7 22. Qh3 Bxb2 23. Rab1 Bg7 24. Nc4 Qc7 25. Rxb7 Qc6 26. Qf3 Nd8 27. Rb3 Kf8 28. Qg3 d5 29. exd5 Qxd5 30. Ne3 Qe5 31. Qf3 Rc8 32. Rd1 c4 33. Nxc4 Qe7 34. Nd6 1-0